Quản trị cơ sở dữ liệu với Microsoft Access 2000 phần căn bản : Giáo trình thực hành /

Saved in:
Bibliographic Details
Main Author: Ông Văn Thông
Format: Book (Paper)
Language:Vietnamese
Published: Hà Nội : Thống kê , 2000
Subjects:
Tags: Add Tag
No Tags, Be the first to tag this record!
Institutions: Thư viện Trường Đại học Đà Lạt
LEADER 00698nam a2200265 4500
001 DLU020013651
005 ##6/19/2000
020 # # |a 978- 
041 # # |a vie 
082 # # |a 005.756  |b ON-T 
090 # # |a 005.756  |b ON-T 
100 # # |a Ông Văn Thông 
245 # # |a Quản trị cơ sở dữ liệu với Microsoft Access 2000 phần căn bản :  |b Giáo trình thực hành /  |c Ông Văn Thông 
260 # # |a Hà Nội :  |b Thống kê ,  |c 2000 
300 # # |a 379 tr.;   |c 27 cm. 
650 # # |a Microsoft Access. 
992 # # |a 50000 
994 # # |a DLU 
900 # # |a False 
911 # # |a Administrator 
925 # # |a G 
926 # # |a A 
927 # # |a SH 
980 # # |a Thư viện Trường Đại học Đà Lạt